| 000 | 00000nas 2200000za 4500 |
| 001 | 9.817311 |
| 003 | CaOODSP |
| 005 | 20221107142442 |
| 007 | cr ||||||||||| |
| 008 | 160510d20162016oncar p o f0 a0eng|d |
| 022 | |a2371-1779 |
| 040 | |aCaOODSP|beng |
| 043 | |an-cn--- |
| 086 | 1 |aIu1-20E-PDF |
| 110 | 1 |aCanada. |bInnovation, Science and Economic Development Canada. |
| 222 | 0|aDepartmental performance report |b(Canada. Innovation, Science and Economic Development Canada) |
| 245 | 10|aDepartmental performance report |h[electronic resource] / |cInnovation, Science and Economic Development Canada. |
| 260 | |aOttawa : |bInnovation, Science and Economic Development Canada, |c2016. |
| 310 | |aAnnual |
| 362 | 0 |a2015/2016. |
| 500 | |aIssued also in French under title: Rapport ministériel sur le rendement. |
| 775 | 08|tRapport ministériel sur le rendement |w(CaOODSP)9.817320 |
| 780 | 00|tIndustry Canada, departmental performance report |w(CaOODSP)9.507897 |
| 785 | 00|tDepartmental results report |w(CaOODSP)9.842312 |